[Event "GBR-ch 99th"]
[Site "North Shields"]
[Date "2012.08.01"]
[Round "9"]
[White "Tambini, Jasper"]
[Black "Hoare, Amy B"]
[Result "1-0"]
[WhiteElo "1958"]
[BlackElo "1958"]
[PlyCount "121"]
[EventDate "2012.07.23"]
[EventType "swiss"]
[EventRounds "11"]
[EventCountry "ENG"]
[Source "John Saunders"]
[SourceDate "2015.07.24"]

1. e4 e6 2. d4 d5 3. e5 c5 4. c3 Nc6 5. Nf3 Bd7 6. a3 f6 7. exf6 Nxf6 8. b4 c4
9. Nbd2 Bd6 10. Be2 Qc7 11. Nf1 O-O-O 12. Ng3 h6 13. O-O g5 14. a4 Ne7 15. Ne5
Rdf8 16. f4 gxf4 17. Bxf4 Be8 18. Nh5 Nd7 19. Nxd7 Qxd7 20. Qd2 Bxf4 21. Nxf4
Ng6 22. Bg4 Nxf4 23. Rxf4 h5 24. Bh3 Bg6 25. Raf1 Rxf4 26. Qxf4 Bd3 27. Qe5 Re8
28. Rf6 Bf5 29. Bxf5 exf5 30. Qxf5 Qxf5 31. Rxf5 Re3 32. Rf3 Re2 33. g3 b6 34.
h3 Ra2 35. g4 hxg4 36. hxg4 Re2 37. g5 Re6 38. Kg2 a5 39. bxa5 bxa5 40. Kg3 Kd7
41. Kg4 Ke7 42. Kf4 Re4+ 43. Kf5 Kf7 44. Rh3 Kg7 45. g6 Re2 46. Rh7+ Kg8 47.
Rc7 Re3 48. Kf6 Rf3+ 49. Ke5 Rxc3 50. Kxd5 Rg3 51. Kxc4 Rxg6 52. Ra7 Rg5 53. d5
Rg4+ 54. Kc5 Rxa4 55. d6 Ra1 56. d7 Rc1+ 57. Kb6 Rb1+ 58. Kc7 Rc1+ 59. Kb8 Rd1
60. Kc8 Rc1+ 61. Rc7 1-0

[Event "GBR-ch 99th"]
[Site "North Shields"]
[Date "2012.08.01"]
[Round "9"]
[White "Townsend, M Paul"]
[Black "Mackle, Dominic"]
[Result "1-0"]
[WhiteElo "2252"]
[BlackElo "2130"]
[PlyCount "45"]
[EventDate "2012.07.23"]
[EventType "swiss"]
[EventRounds "11"]
[EventCountry "ENG"]
[Source "John Saunders"]
[SourceDate "2015.07.24"]

1. d4 Nf6 2. Nf3 e6 3. g3 d5 4. Bg2 c5 5. c4 cxd4 6. Nxd4 Nc6 7. O-O Bc5 8.
Nxc6 bxc6 9. Nc3 O-O 10. Qc2 Ba6 11. Na4 Be7 12. b3 Rc8 13. e3 dxc4 14. bxc4
Qa5 15. Rd1 Qb4 16. Nb2 c5 17. Bd2 Qa3 18. Qb3 Qxb3 19. axb3 Rb8 20. Rxa6 Rxb3
21. Bc1 Rfb8 22. Rxa7 Bf8 23. Ra8 1-0

[Event "GBR-ch 99th"]
[Site "North Shields"]
[Date "2012.08.01"]
[Round "9"]
[White "Turner, Matthew"]
[Black "Gordon, Stephen J"]
[Result "0-1"]
[WhiteElo "2508"]
[BlackElo "2539"]
[PlyCount "86"]
[EventDate "2012.07.23"]
[EventType "swiss"]
[EventRounds "11"]
[EventCountry "ENG"]
[Source "John Saunders"]
[SourceDate "2015.07.24"]

1. d4 Nf6 2. Bg5 d5 3. e3 Ne4 4. Bf4 c5 5. Bd3 Nf6 6. dxc5 Nc6 7. Bb5 Qa5+ 8.
Nc3 a6 9. Bxc6+ bxc6 10. Nge2 Qxc5 11. O-O e6 12. a3 Be7 13. Na4 Qa7 14. c4 O-O
15. Rc1 Bd7 16. cxd5 Nxd5 17. Be5 c5 18. Nf4 Rfd8 19. Nxd5 exd5 20. b4 f6 21.
Bf4 Bb5 22. Re1 c4 23. Nc3 Qb7 24. Qg4 Be8 25. e4 dxe4 26. Nxe4 Rac8 27. Ng3
Bf8 28. Be3 c3 29. Ne4 f5 30. Qxf5 Bg6 31. Qe6+ Bf7 32. Qg4 Rc4 33. f3 c2 34.
Bc5 Bxc5+ 35. bxc5 Qb2 36. Qg5 Qd4+ 37. Kh1 h6 38. Qf5 Qd1 39. Nd6 Rxd6 40.
cxd6 Qxe1+ 41. Rxe1 c1=Q 42. Qe5 Qd2 43. h3 Rc6 0-1

[Event "GBR-ch 99th"]
[Site "North Shields"]
[Date "2012.08.01"]
[Round "9"]
[White "Varnam, Liam"]
[Black "Adair, James"]
[Result "0-1"]
[WhiteElo "2070"]
[BlackElo "2262"]
[PlyCount "64"]
[EventDate "2012.07.23"]
[EventType "swiss"]
[EventRounds "11"]
[EventCountry "ENG"]
[Source "John Saunders"]
[SourceDate "2015.07.24"]

1. e4 c5 2. Nf3 d6 3. d4 cxd4 4. Nxd4 Nf6 5. Nc3 a6 6. Be3 e5 7. Nb3 Be6 8. f3
Nbd7 9. Qd2 h5 10. a4 Be7 11. Be2 O-O 12. O-O Qc7 13. a5 b5 14. Nd5 Bxd5 15.
exd5 Rac8 16. c3 h4 17. Rac1 Qb7 18. Rfd1 Bd8 19. c4 bxc4 20. Rxc4 Rxc4 21.
Bxc4 e4 22. fxe4 Ne5 23. Qc2 Nfg4 24. Bc1 Bxa5 25. h3 Qa7+ 26. Nd4 Rc8 27. b3
Bb6 28. hxg4 Bxd4+ 29. Kf1 Nxg4 30. Qe2 Nh2+ 31. Ke1 Bc3+ 32. Bd2 Qg1+ 0-1

[Event "GBR-ch 99th"]
[Site "North Shields"]
[Date "2012.08.01"]
[Round "9"]
[White "Walker, Nicholas P"]
[Black "Grattage, Matthew"]
[Result "1-0"]
[WhiteElo "2179"]
[BlackElo "1986"]
[PlyCount "99"]
[EventDate "2012.07.23"]
[EventType "swiss"]
[EventRounds "11"]
[EventCountry "ENG"]
[Source "John Saunders"]
[SourceDate "2015.07.24"]

1. e4 e5 2. Nf3 Nc6 3. Bb5 Nf6 4. Qe2 d6 5. c3 Be7 6. d4 exd4 7. cxd4 O-O 8. h3
a6 9. Ba4 b5 10. Bb3 Bb7 11. O-O Nb8 12. e5 Ne4 13. Nbd2 Nxd2 14. Bxd2 c5 15.
dxc5 dxc5 16. Rad1 c4 17. Bc2 Qc8 18. Ng5 Bxg5 19. Bxg5 Qc6 20. Qg4 h6 21. Rd6
Qxg2+ 22. Qxg2 Bxg2 23. Kxg2 hxg5 24. Kf3 Ra7 25. Rg1 f6 26. e6 Rc7 27. Bg6
Rfc8 28. Bf5 Nc6 29. Rgd1 Ne5+ 30. Kg3 Re8 31. Rxa6 g6 32. Be4 f5 33. Rd5 Nc6
34. Rd7 Nb8 35. Ra8 Rxd7 36. exd7 Rd8 37. Bd5+ Kg7 38. a4 c3 39. bxc3 Rxd7 40.
Bf3 f4+ 41. Kg2 Rd8 42. axb5 Kf6 43. c4 Ke7 44. c5 Nd7 45. Ra7 Kf6 46. Rxd7
Rxd7 47. c6 Rf7 48. b6 g4 49. hxg4 Kg5 50. c7 1-0

[Event "GBR-ch 99th"]
[Site "North Shields"]
[Date "2012.08.01"]
[Round "9"]
[White "Waters, Clive L"]
[Black "Eggleston, David"]
[Result "1/2-1/2"]
[WhiteElo "2106"]
[BlackElo "2323"]
[PlyCount "96"]
[EventDate "2012.07.23"]
[EventType "swiss"]
[EventRounds "11"]
[EventCountry "ENG"]
[Source "John Saunders"]
[SourceDate "2015.07.24"]

1. Nf3 Nf6 2. c4 b6 3. g3 Bb7 4. Bg2 e6 5. O-O Be7 6. d4 O-O 7. Nc3 Na6 8. Bf4
d5 9. Ne5 c5 10. e3 Nc7 11. Qe2 cxd4 12. exd4 Rc8 13. Rad1 Qe8 14. Rfe1 Ba6 15.
Qd2 Bb4 16. a3 Bxc3 17. Qxc3 dxc4 18. Bc6 Qd8 19. Bg5 Ncd5 20. Qc2 h6 21. Bxf6
gxf6 22. Bxd5 Qxd5 23. Ng4 Qg5 24. Ne3 Bb7 25. d5 f5 26. dxe6 Be4 27. exf7+
Rxf7 28. Qc3 f4 29. Nd5 fxg3 30. hxg3 Bxd5 31. Re5 Qf6 32. Rexd5 Qxf2+ 33. Kh1
Qf3+ 34. Qxf3 Rxf3 35. Kg2 Rb3 36. R1d2 c3 37. bxc3 Rxa3 38. c4 Ra4 39. Rd7
Raxc4 40. Rxa7 Rc2 41. Rxc2 Rxc2+ 42. Kh3 Rc6 43. Kh4 Rg6 44. g4 Rg7 45. Ra8+
Kf7 46. Rb8 Rg6 47. Kh5 Rc6 48. Rb7+ Kg8 1/2-1/2

[Event "GBR-ch 99th"]
[Site "North Shields"]
[Date "2012.08.02"]
[Round "10"]
[White "Adair, James"]
[Black "Waters, Clive L"]
[Result "1-0"]
[WhiteElo "2262"]
[BlackElo "2106"]
[PlyCount "69"]
[EventDate "2012.07.23"]
[EventType "swiss"]
[EventRounds "11"]
[EventCountry "ENG"]
[Source "John Saunders"]
[SourceDate "2015.07.24"]

1. e4 e6 2. d4 d5 3. Nd2 c5 4. Ngf3 Nc6 5. exd5 exd5 6. Bb5 Bd6 7. dxc5 Bxc5 8.
O-O Nge7 9. Nb3 Bd6 10. Re1 O-O 11. Bd3 Bf5 12. c3 Qd7 13. Bg5 Bxd3 14. Bxe7
Bxe7 15. Qxd3 Rfd8 16. Rad1 Qc7 17. Re2 a5 18. a4 Qb6 19. Qb5 Qc7 20. Rxd5 Rxd5
21. Qxd5 Rd8 22. Qc4 Rd1+ 23. Re1 Rxe1+ 24. Nxe1 Qe5 25. Nf3 Qf5 26. Nbd2 Qc2
27. Qb5 g6 28. g3 Bf6 29. Kg2 Kg7 30. Nc4 Qe2 31. Nfd2 Ne5 32. Nxe5 Qxb5 33.
axb5 Bxe5 34. Nc4 Bc7 35. b6 1-0

[Event "GBR-ch 99th"]
[Site "North Shields"]
[Date "2012.08.02"]
[Round "10"]
[White "Arkell, Keith C"]
[Black "Holland, James P"]
[Result "1-0"]
[WhiteElo "2441"]
[BlackElo "2200"]
[PlyCount "47"]
[EventDate "2012.07.23"]
[EventType "swiss"]
[EventRounds "11"]
[EventCountry "ENG"]
[Source "John Saunders"]
[SourceDate "2015.07.24"]

1. d4 d5 2. c4 e6 3. Nf3 c5 4. cxd5 exd5 5. Nc3 Nc6 6. dxc5 d4 7. Na4 Bxc5 8.
Nxc5 Qa5+ 9. Bd2 Qxc5 10. Rc1 Qb6 11. e3 dxe3 12. Bxe3 Qa5+ 13. Bd2 Qb6 14. Bc3
Nf6 15. Bxf6 gxf6 16. Bc4 O-O 17. O-O Bf5 18. Qd2 Bg6 19. Qh6 Ne5 20. Nh4 Rac8
21. Nxg6 hxg6 22. Rc3 Rxc4 23. Rh3 Qxf2+ 24. Rxf2 1-0

[Event "GBR-ch 99th"]
[Site "North Shields"]
[Date "2012.08.02"]
[Round "10"]
[White "Bhatia, Kanwal K"]
[Black "Tambini, Jasper"]
[Result "1/2-1/2"]
[WhiteElo "2103"]
[BlackElo "1958"]
[PlyCount "77"]
[EventDate "2012.07.23"]
[EventType "swiss"]
[EventRounds "11"]
[EventCountry "ENG"]
[Source "John Saunders"]
[SourceDate "2015.07.24"]

1. e4 Nc6 2. Nf3 e5 3. Bc4 Bc5 4. c3 Nf6 5. d3 d6 6. Bb3 h6 7. h3 Bb6 8. Nbd2
Ne7 9. Nf1 Ng6 10. Ng3 c6 11. Qe2 Be6 12. Bc2 Qd7 13. a4 a5 14. d4 O-O 15. Be3
Bc7 16. dxe5 dxe5 17. Rd1 Qc8 18. Nf5 Bxf5 19. exf5 Nf4 20. Bxf4 exf4 21. O-O
Qe8 22. Qc4 Rd8 23. Nd4 Qe5 24. Rfe1 Qd5 25. Qf1 Qc5 26. Bb3 Nd5 27. Re4 Nf6
28. Re2 Be5 29. Nf3 Bc7 30. Nd4 Be5 31. Nf3 Bc7 32. Rxd8 Rxd8 33. Nh4 f3 34.
Nxf3 Nh5 35. Nh4 Nf6 36. Nf3 Qxf5 37. Qe1 Rd7 38. Re7 Kf8 39. Rxd7 1/2-1/2

[Event "GBR-ch 99th"]
[Site "North Shields"]
[Date "2012.08.02"]
[Round "10"]
[White "Burke, Mitchell R"]
[Black "Elwin, Adrian G"]
[Result "1/2-1/2"]
[WhiteElo "1917"]
[BlackElo "1985"]
[PlyCount "31"]
[EventDate "2012.07.23"]
[EventType "swiss"]
[EventRounds "11"]
[EventCountry "ENG"]
[Source "John Saunders"]
[SourceDate "2015.07.24"]

1. e4 c6 2. d4 d5 3. exd5 cxd5 4. c4 Nf6 5. Nc3 e6 6. Nf3 Nc6 7. c5 Be7 8. Bb5
Bd7 9. O-O O-O 10. Re1 Nb8 11. Bxd7 Nfxd7 12. Bf4 Nc6 13. Rb1 Qa5 14. Qd2 b6
15. cxb6 Nxb6 16. Ne5 1/2-1/2

[Event "GBR-ch 99th"]
[Site "North Shields"]
[Date "2012.08.02"]
[Round "10"]
[White "Coathup, Roger"]
[Black "Jaunooby, Ali Reza"]
[Result "1-0"]
[WhiteElo "2136"]
[BlackElo "2165"]
[PlyCount "51"]
[EventDate "2012.07.23"]
[EventType "swiss"]
[EventRounds "11"]
[EventCountry "ENG"]
[Source "John Saunders"]
[SourceDate "2015.07.24"]

1. d4 Nf6 2. c4 c5 3. d5 b5 4. Nf3 e6 5. Bg5 bxc4 6. Nc3 Qb6 7. Bxf6 gxf6 8.
Rb1 d6 9. Nd2 Ba6 10. e3 Rg8 11. Qa4+ Ke7 12. Bxc4 Qb4 13. Bxa6 Qxa4 14. Nxa4
Nxa6 15. dxe6 fxe6 16. g3 d5 17. Ke2 e5 18. Rhc1 Ke6 19. b4 c4 20. e4 Bxb4 21.
exd5+ Kxd5 22. Nxc4 Rac8 23. Ncb6+ axb6 24. Nxb6+ Ke6 25. Nxc8 Rd8 26. Rc6+ 1-0

[Event "GBR-ch 99th"]
[Site "North Shields"]
[Date "2012.08.02"]
[Round "10"]
[White "Combie, Alexander"]
[Black "Surtees, Michael"]
[Result "1-0"]
[WhiteElo "2039"]
[BlackElo "2113"]
[PlyCount "111"]
[EventDate "2012.07.23"]
[EventType "swiss"]
[EventRounds "11"]
[EventCountry "ENG"]
[Source "John Saunders"]
[SourceDate "2015.07.24"]

1. d4 c6 2. c4 f6 3. e4 e5 4. dxe5 Bb4+ 5. Bd2 Qe7 6. Bxb4 Qxb4+ 7. Qd2 Na6 8.
f4 fxe5 9. fxe5 Nh6 10. Nf3 b6 11. Qxb4 Nxb4 12. Kd2 Bb7 13. a3 Na6 14. b4 O-O
15. Nc3 Rae8 16. c5 Ng4 17. Bc4+ Kh8 18. Rhf1 bxc5 19. h3 Nh6 20. Na4 cxb4 21.
axb4 g6 22. Nc5 Nxc5 23. bxc5 Ra8 24. Ra5 Rfb8 25. Rfa1 a6 26. Kc3 Ra7 27. Rb1
Raa8 28. e6 dxe6 29. Ne5 Bc8 30. Rxb8 Rxb8 31. Nxc6 Rb1 32. Ne7 Rc1+ 33. Kb4
Nf7 34. Bxa6 Rb1+ 35. Kc4 Rc1+ 36. Kb5 Bd7+ 37. Kb6 Ne5 38. Bb5 Rb1 39. Ra8+
Kg7 40. c6 Bxc6 41. Nxc6 Nc4+ 42. Kc5 Ne3 43. Ra7+ Kf6 44. Ra2 Rg1 45. Rf2+ Kg5
46. Nd4 Kh4 47. Re2 Rc1+ 48. Kd6 Rc3 49. Nf3+ Kg3 50. Ne1 Kf4 51. Bd3 Nd1 52.
Kxe6 Kg3 53. e5 Nf2 54. Re3+ Kh2 55. Kd7 Nd1 56. Re2 1-0

[Event "GBR-ch 99th"]
[Site "North Shields"]
[Date "2012.08.02"]
[Round "10"]
[White "Eggleston, David"]
[Black "Jackson, James P"]
[Result "1-0"]
[WhiteElo "2323"]
[BlackElo "2126"]
[PlyCount "71"]
[EventDate "2012.07.23"]
[EventType "swiss"]
[EventRounds "11"]
[EventCountry "ENG"]
[Source "John Saunders"]
[SourceDate "2015.07.24"]

1. e4 c5 2. Nf3 Nc6 3. d4 cxd4 4. Nxd4 Nf6 5. Nc3 e5 6. Ndb5 d6 7. Bg5 a6 8.
Na3 b5 9. Nd5 Be7 10. Bxf6 Bxf6 11. c4 O-O 12. cxb5 Nd4 13. Bd3 axb5 14. Nxb5
Nxb5 15. Bxb5 Qa5+ 16. Nc3 d5 17. Qxd5 Be6 18. Qd3 Rfd8 19. Qe2 Bg5 20. O-O Rd2
21. Qh5 h6 22. Bc6 Rb8 23. Bd5 Bxd5 24. Nxd5 Rbxb2 25. h4 Qa7 26. hxg5 Rxf2 27.
Kh1 Rxg2 28. gxh6 g5 29. Nf6+ Kh8 30. Rad1 Qa8 31. Rd5 Rh2+ 32. Qxh2 Rxh2+ 33.
Kxh2 g4 34. Rfd1 g3+ 35. Kh3 Qc8+ 36. Kh4 1-0

[Event "GBR-ch 99th"]
[Site "North Shields"]
[Date "2012.08.02"]
[Round "10"]
[White "Gordon, Stephen J"]
[Black "Gormally, Daniel"]
[Result "1-0"]
[WhiteElo "2539"]
[BlackElo "2505"]
[PlyCount "69"]
[EventDate "2012.07.23"]
[EventType "swiss"]
[EventRounds "11"]
[EventCountry "ENG"]
[Source "John Saunders"]
[SourceDate "2015.07.24"]

1. d4 Nf6 2. c4 g6 3. Nc3 c5 4. d5 Bg7 5. e4 d6 6. Nge2 O-O 7. Ng3 h5 8. Be2 h4
9. Nf1 h3 10. g4 e6 11. Ng3 exd5 12. exd5 a6 13. a4 Nbd7 14. O-O Ne5 15. f3 Re8
16. Ra3 Qc7 17. Kh1 Rb8 18. g5 Nh5 19. f4 Nxg3+ 20. hxg3 Nd7 21. Bd3 b5 22.
axb5 axb5 23. Nxb5 Rxb5 24. cxb5 c4 25. Be2 Qc5 26. Bf3 Nb6 27. Re1 Qxb5 28.
Rxe8+ Qxe8 29. Kh2 Qb5 30. Qe2 Bf5 31. g4 Bd3 32. Qf2 Na4 33. Bd1 Qxd5 34. Rxa4
Bd4 35. Bf3 1-0

[Event "GBR-ch 99th"]
[Site "North Shields"]
[Date "2012.08.02"]
[Round "10"]
[White "Grattage, Matthew"]
[Black "Wall, Tim"]
[Result "1-0"]
[WhiteElo "1986"]
[BlackElo "2347"]
[PlyCount "93"]
[EventDate "2012.07.23"]
[EventType "swiss"]
[EventRounds "11"]
[EventCountry "ENG"]
[Source "John Saunders"]
[SourceDate "2015.07.24"]

1. c4 g6 2. Nf3 Bg7 3. Nc3 d6 4. d4 Nf6 5. Qc2 c5 6. e4 cxd4 7. Nxd4 Nc6 8.
Nxc6 bxc6 9. g3 O-O 10. Bg2 Be6 11. Qd3 Nd7 12. b3 Ne5 13. Qc2 Bg4 14. Bb2 Nf3+
15. Bxf3 Bxf3 16. O-O f5 17. exf5 Rxf5 18. Nb1 Bxb2 19. Qxb2 Qb6 20. Re1 e5 21.
Nd2 Bg2 22. Ne4 Bxe4 23. Rxe4 Raf8 24. Rf1 a5 25. Kg2 Qc7 26. Qd2 Rd8 27. f4
Rdf8 28. Rd1 exf4 29. Qxd6 f3+ 30. Kf2 Qb6+ 31. Re3 R5f6 32. Qe7 Qb4 33. Rd7
R8f7 34. Qxb4 axb4 35. Ree7 Rxe7 36. Rxe7 c5 37. Ra7 g5 38. Ra5 Rf5 39. g4 Re5
40. Kxf3 Kf7 41. Ra7+ Kg6 42. Rc7 h6 43. Rc6+ Kg7 44. h3 Kh7 45. Rd6 Re7 46.
Rd5 Rc7 47. Ke4 1-0

[Event "GBR-ch 99th"]
[Site "North Shields"]
[Date "2012.08.02"]
[Round "10"]
[White "Hanley, Craig"]
[Black "Townsend, M Paul"]
[Result "1-0"]
[WhiteElo "2419"]
[BlackElo "2252"]
[PlyCount "109"]
[EventDate "2012.07.23"]
[EventType "swiss"]
[EventRounds "11"]
[EventCountry "ENG"]
[Source "John Saunders"]
[SourceDate "2015.07.24"]

1. e4 e6 2. d4 d5 3. Nd2 c5 4. Ngf3 Nc6 5. Bb5 dxe4 6. Nxe4 Bd7 7. dxc5 Qa5+ 8.
Nc3 Bxc5 9. Bd2 Qc7 10. Ne4 Be7 11. Bc3 Nf6 12. Nxf6+ Bxf6 13. Bxf6 gxf6 14.
Qd2 O-O-O 15. O-O-O Ne5 16. Bxd7+ Rxd7 17. Qe3 Nxf3 18. Rxd7 Qxd7 19. Rd1 Qc7
20. Qxf3 Qe5 21. Qd3 Kb8 22. g3 h5 23. Qf3 Qg5+ 24. Kb1 Qg4 25. Qh1 Rc8 26. Rd7
Rc7 27. Rd8+ Rc8 28. f3 Qc4 29. Qd1 a6 30. b3 Qc3 31. Rd7 Rc7 32. Rd4 Rc5 33.
f4 e5 34. Rd3 Qa5 35. Rd8+ Ka7 36. Rd6 e4 37. Qd4 Qc3 38. Qxe4 h4 39. Rd7 Rc6
40. Qd4+ Qxd4 41. Rxd4 hxg3 42. hxg3 f5 43. Rd5 Rf6 44. a4 Kb6 45. a5+ Kc6 46.
Re5 Kd6 47. Kb2 Rg6 48. Rxf5 f6 49. g4 Ke6 50. Rg5 Rxg5 51. fxg5 fxg5 52. c4
Ke5 53. b4 Kf4 54. b5 Kxg4 55. c5 1-0

[Event "GBR-ch 99th"]
[Site "North Shields"]
[Date "2012.08.02"]
[Round "10"]
[White "Hanley, James L"]
[Black "Maroroa, Sue Yuchan"]
[Result "1/2-1/2"]
[WhiteElo "2244"]
[BlackElo "2035"]
[PlyCount "140"]
[EventDate "2012.07.23"]
[EventType "swiss"]
[EventRounds "11"]
[EventCountry "ENG"]
[Source "John Saunders"]
[SourceDate "2015.07.24"]

1. Nf3 Nf6 2. d4 e6 3. Bg5 h6 4. Bxf6 Qxf6 5. e4 d6 6. c4 e5 7. d5 Be7 8. Nbd2
O-O 9. g3 a5 10. Nh4 g6 11. Ng2 Nd7 12. Bd3 Nc5 13. Bc2 Bd7 14. O-O Bh3 15. a3
a4 16. Nb1 h5 17. Nc3 h4 18. Re1 Kg7 19. Re3 Rh8 20. g4 Bxg2 21. Kxg2 h3+ 22.
Kg1 Qg5 23. Qe2 Rh4 24. Rg3 Qh6 25. Kh1 Bg5 26. Rag1 Qh8 27. Nb5 Qd8 28. Qf3 c6
29. Nc3 Qh8 30. Rd1 Bf4 31. dxc6 bxc6 32. Rxd6 Ne6 33. Ne2 Qb8 34. Rxc6 Qxb2
35. Qc3 Qxc3 36. Rxc3 Rxg4 37. Rxe6 fxe6 38. Rxh3 Rb8 39. Rc3 Rb2 40. c5 Bd2
41. Rc4 Ra2 42. Ng3 Rf4 43. Kg2 Be1 44. f3 Rxa3 45. c6 Rc3 46. Rxc3 Bxc3 47.
Ne2 Rf8 48. Nxc3 a3 49. Na2 Rc8 50. Ba4 Kf7 51. Nc3 Ke7 52. Kg3 Kd6 53. Nb5+
Kc5 54. Nxa3 Kb4 55. Nb5 Kxa4 56. Nd6 Rc7 57. Nc4 Rxc6 58. Nxe5 Rc5 59. Nd7
Rg5+ 60. Kf4 Rh5 61. Nf8 Rxh2 62. Nxe6 Rg2 63. Ke5 Rg3 64. f4 Kb5 65. Kf6 Rg4
66. Nd4+ Kc4 67. Ne6 Kd3 68. e5 Kc4 69. Ke7 Kd5 70. Nc7+ Kc6 1/2-1/2

[Event "GBR-ch 99th"]
[Site "North Shields"]
[Date "2012.08.02"]
[Round "10"]
[White "Harvey, Marcus Ross"]
[Black "Chapman, Terry PD"]
[Result "1-0"]
[WhiteElo "2134"]
[BlackElo "2290"]
[PlyCount "73"]
[EventDate "2012.07.23"]
[EventType "swiss"]
[EventRounds "11"]
[EventCountry "ENG"]
[Source "John Saunders"]
[SourceDate "2015.07.24"]

1. e4 d6 2. g3 e5 3. Bg2 Nf6 4. Ne2 Be7 5. O-O h5 6. d4 Nbd7 7. h3 c6 8. f4 O-O
9. c3 Re8 10. Nd2 Qc7 11. Qc2 Bf8 12. Rf2 b5 13. Nf1 Bb7 14. Ne3 Rac8 15. Bd2
a6 16. Re1 g6 17. a3 c5 18. fxe5 dxe5 19. d5 c4 20. Ref1 Qb6 21. Kh1 Bg7 22. g4
Re7 23. Ng3 hxg4 24. hxg4 Nc5 25. g5 Ne8 26. Ng4 Nd3 27. Be3 Qc7 28. Nf6+ Kf8
29. Nh7+ Kg8 30. Nf6+ Kf8 31. Bh3 Rd8 32. Nh7+ Kg8 33. Nf6+ Kf8 34. Rf3 Bc8 35.
Qh2 Nxf6 36. gxf6 Bxf6 37. Rxf6 1-0

[Event "GBR-ch 99th"]
[Site "North Shields"]
[Date "2012.08.02"]
[Round "10"]
[White "Hoare, Amy B"]
[Black "Hall, David E"]
[Result "0-1"]
[WhiteElo "1958"]
[BlackElo "2103"]
[PlyCount "100"]
[EventDate "2012.07.23"]
[EventType "swiss"]
[EventRounds "11"]
[EventCountry "ENG"]
[Source "John Saunders"]
[SourceDate "2015.07.24"]

1. e4 e6 2. d4 d5 3. e5 c5 4. c3 Nc6 5. Nf3 Bd7 6. Be2 Nge7 7. Na3 cxd4 8. cxd4
Qb6 9. O-O Nf5 10. Nc2 Na5 11. g4 Ne7 12. Nfe1 Bb5 13. Nd3 h5 14. f4 hxg4 15.
Bxg4 g6 16. Rf2 Nf5 17. Bxf5 gxf5 18. b4 Nc6 19. Nc5 Bc4 20. a4 a5 21. bxa5
Rxa5 22. Be3 Qa7 23. Rb1 b6 24. Nd3 Rxa4 25. Nb2 Rg8+ 26. Kh1 Ra5 27. Bd2 Rb5
28. Nxc4 Rxb1 29. Qxb1 dxc4 30. Qb5 Qd7 31. Qxc4 Ne7 32. Qd3 Qc6+ 33. Rf3 Ng6
34. Qc3 Qb7 35. d5 Bc5 36. Be3 Nh4 37. Bxc5 Qxd5 38. Ne1 bxc5 39. h3 Rg3 40.
Kh2 Rxf3 41. Nxf3 Nxf3+ 42. Kg3 Nd2 43. Qa3 Qb3+ 44. Qxb3 Nxb3 45. Kf3 Kf8 46.
Ke3 c4 47. Ke2 Kg7 48. Kd1 Kh6 49. Kc2 Kh5 50. Kc3 Na5 0-1

[Event "GBR-ch 99th"]
[Site "North Shields"]
[Date "2012.08.02"]
[Round "10"]
[White "Jain, Radha"]
[Black "Brown, Martin"]
[Result "0-1"]
[WhiteElo "1868"]
[BlackElo "2224"]
[PlyCount "80"]
[EventDate "2012.07.23"]
[EventType "swiss"]
[EventRounds "11"]
[EventCountry "ENG"]
[Source "John Saunders"]
[SourceDate "2015.07.24"]

1. d4 Nf6 2. c4 g6 3. g3 Bg7 4. Bg2 d5 5. cxd5 Nxd5 6. Nf3 Nb6 7. Nc3 Nc6 8. e3
O-O 9. O-O Re8 10. d5 Na5 11. Nd4 Bd7 12. b3 Rc8 13. Bb2 c6 14. dxc6 bxc6 15.
Qe2 e5 16. Nf3 Nd5 17. Ne4 Nb7 18. Rac1 f5 19. Ned2 e4 20. Nd4 c5 21. Qc4 Re5
22. Nc2 Nd6 23. Qe2 Re7 24. Bxg7 Kxg7 25. Nc4 Nxc4 26. Qxc4 Be6 27. Rfd1 Rd7
28. Qa6 Nc3 29. Rxd7+ Qxd7 30. Na3 Nxa2 31. Ra1 Bxb3 32. Qe2 Qf7 33. Nb5 Rd8
34. Nxa7 Kh6 35. Nc6 Qf6 36. Rxa2 Qxc6 37. Ra1 c4 38. g4 c3 39. g5+ Kg7 40. Ra6
Qc5 0-1

[Event "GBR-ch 99th"]
[Site "North Shields"]
[Date "2012.08.02"]
[Round "10"]
[White "Ledger, Stephen"]
[Black "McDonald, Ian"]
[Result "1-0"]
[WhiteElo "2089"]
[BlackElo "1876"]
[PlyCount "50"]
[EventDate "2012.07.23"]
[EventType "swiss"]
[EventRounds "11"]
[EventCountry "ENG"]
[Source "John Saunders"]
[SourceDate "2015.07.24"]

1. d4 Nf6 2. Nf3 e6 3. Bf4 b6 4. e3 Bb7 5. Be2 d5 6. Nbd2 c5 7. Bxb8 Rxb8 8.
Bb5+ Ke7 9. Ne5 Qc7 10. c3 g6 11. O-O Bg7 12. Qf3 Rbf8 13. Qg3 Qd6 14. f4 a6
15. Bd3 Rd8 16. a4 Ng8 17. f5 exf5 18. Bxf5 f6 19. Bxg6 hxg6 20. Qxg6 Qe6 21.
Qxg7+ Ke8 22. Qxh8 fxe5 23. Qxe5 Qxe5 24. dxe5 d4 25. exd4 Bc8 1-0

[Event "GBR-ch 99th"]
[Site "North Shields"]
[Date "2012.08.02"]
[Round "10"]
[White "Lenier, Jude"]
[Black "Roe, Simon J"]
[Result "0-1"]
[WhiteElo "2016"]
[BlackElo "2275"]
[PlyCount "74"]
[EventDate "2012.07.23"]
[EventType "swiss"]
[EventRounds "11"]
[EventCountry "ENG"]
[Source "John Saunders"]
[SourceDate "2015.07.24"]

1. e4 Nf6 2. e5 Nd5 3. d4 d6 4. Nf3 dxe5 5. Nxe5 g6 6. Be2 Bg7 7. O-O O-O 8.
Re1 Bf5 9. a3 Nd7 10. Nf3 c6 11. c4 N5b6 12. Bf4 c5 13. Nc3 Bg4 14. dxc5 Nxc5
15. Be3 Rc8 16. Qc2 Bf5 17. Qd1 Bg4 18. Qc2 Bxf3 19. Bxf3 Nxc4 20. Bxc5 Rxc5
21. Rad1 Nd6 22. Bxb7 Qc7 23. Bd5 Rb8 24. Rc1 e6 25. Bf3 Nf5 26. Rb1 Nd4 27.
Qd3 Nxf3+ 28. gxf3 Rg5+ 29. Kf1 Qxh2 30. Ne4 Rd5 31. Qa6 Bd4 32. Red1 Rbd8 33.
b4 Kg7 34. Rbc1 Bb6 35. Qa4 f5 36. Rxd5 Rxd5 37. Nc5 Qh1+ 0-1

[Event "GBR-ch 99th"]
[Site "North Shields"]
[Date "2012.08.02"]
[Round "10"]
[White "Mackle, Dominic"]
[Black "Poobalasingam, Peter"]
[Result "1-0"]
[WhiteElo "2130"]
[BlackElo "2263"]
[PlyCount "121"]
[EventDate "2012.07.23"]
[EventType "swiss"]
[EventRounds "11"]
[EventCountry "ENG"]
[Source "John Saunders"]
[SourceDate "2015.07.24"]

1. d4 d5 2. c4 dxc4 3. Nf3 Nf6 4. e3 Bg4 5. Bxc4 e6 6. h3 Bh5 7. Nc3 a6 8. a4
Nbd7 9. g4 Bg6 10. Nh4 c6 11. a5 Qc7 12. Bd2 Be7 13. Nxg6 hxg6 14. Qf3 Bb4 15.
Ne4 Bxd2+ 16. Nxd2 Nd5 17. O-O O-O-O 18. b4 f5 19. Rfc1 Rh4 20. gxf5 gxf5 21.
b5 axb5 22. Bxb5 Nb8 23. a6 bxa6 24. Bxa6+ Kd7 25. Bf1 g5 26. Nc4 g4 27. Qg3
Qxg3+ 28. fxg3 Rh7 29. Ra7+ Nc7 30. Rb1 c5 31. Rbb7 Rc8 32. Nb6+ Kd8 33. Nxc8
Kxc8 34. hxg4 Nc6 35. dxc5 fxg4 36. Bg2 Nxa7 37. Rxa7 Rh5 38. c6 Rc5 39. Ra4
Rc1+ 40. Kh2 Nd5 41. Bxd5 exd5 42. Rxg4 Rc2+ 43. Kh3 Kc7 44. Rg6 Re2 45. Re6 d4
46. e4 Rc2 47. Kg4 Rf2 48. e5 d3 49. Rd6 d2 50. Kg5 Re2 51. Kf4 Rh2 52. Kf3 Rh5
53. Rxd2 Rxe5 54. Kf4 Re8 55. g4 Rf8+ 56. Kg3 Rg8 57. Rc2 Rg7 58. Rc4 Rg8 59.
Kf4 Rf8+ 60. Ke5 Rg8 61. Kf6 1-0